000 01860cam a2200169 4500500
005 20260111090826.0
041 _afre
042 _adc
100 1 0 _aPrudhomme, Claude
_eauthor
245 0 0 _a Bruno Dumons et Frédéric Gugelot (dir.). Catholicisme et identité. Regards croisés sur le catholicisme français contemporain (1980-2017). Paris, Karthala, 2017, 332 pages
260 _c2018.
500 _a84
520 _aEn 1817 puis en 1821, les autorités épiscopales du diocèse de Besançon commanditent une enquête sur l’ensemble du clergé paroissial : âge, carrière, mœurs, capacité, opinions politiques, rapports avec les paroissiens… Le nouvel archevêque tient à tout savoir du personnel ecclésiastique. Mais l’enquête est surtout le préalable à une vaste épuration : la chasse aux « mauvais prêtres » sert de prétexte à exclure les prêtres restés fidèles à leur(s) convictions(s) révolutionnaire(s) et à promouvoir une génération sacerdotale acquise aux principes intransigeants.
520 _aIn 1817 and again in 1821, the episcopal authorities of the diocese of Besançon commissioned an inquiry into the whole parish clergy : age, career, manners, capacity, political opinions, and relations with parishioners … The new archbishop wants to know everything about his ecclesiastical staff. But the inquiry is above all the prerequisite for a vast purification : the hunt for “bad priests” serves as a pretext to exclude priests who have remained faithful to their revolutionary convictions and to promote a new priestly generation of principles intransigent.
786 0 _nHistoire, monde et cultures religieuses | 42 | 2 | 2018-01-09 | p. 170d-171d | 2267-7313
856 4 1 _uhttps://shs.cairn.info/revue-histoire-monde-et-cultures-religieuses-2017-2-page-170d?lang=fr&redirect-ssocas=7080
999 _c1619748
_d1619748